Property and the Human Rights Act 1998 (Record no. 104731)
[ view plain ]
| 000 -LEADER | |
|---|---|
| fixed length control field | 01384cam a2200265 4500 |
| 001 - CONTROL NUMBER | |
| control field | ##L131372 |
| 008 - FIXED-LENGTH DATA ELEMENTS--GENERAL INFORMATION | |
| fixed length control field | 051026n2005 000 0 eng u |
| 020 ## - INTERNATIONAL STANDARD BOOK NUMBER | |
| International Standard Book Number | 1841132039 |
| 035 ## - SYSTEM CONTROL NUMBER | |
| System control number | (Sirsi) u131372 |
| 041 0# - LANGUAGE CODE | |
| Language code of text/sound track or separate title | eng |
| 050 04 - LIBRARY OF CONGRESS CALL NUMBER | |
| Classification number | 342.41085 $2 18 |
| 100 1# - MAIN ENTRY--PERSONAL NAME | |
| Personal name | Allen, Tom |
| 245 00 - TITLE STATEMENT | |
| Title | Property and the Human Rights Act 1998 |
| 260 ## - PUBLICATION, DISTRIBUTION, ETC. | |
| Place of publication, distribution, etc. | Oxford |
| Name of publisher, distributor, etc. | Hart Publishing |
| Date of publication, distribution, etc. | 2005 |
| 300 ## - PHYSICAL DESCRIPTION | |
| Extent | xxx, 325p. |
| Dimensions | 25cm. |
| 350 ## - PRICE (NR) (BK AM CF MU VM SE) [OBSOLETE] | |
| Price | 40 |
| 490 #0 - SERIES STATEMENT | |
| Series statement | Hart Human Rights Law in Perspective |
| Volume/sequential designation | 7 |
| 505 1# - FORMATTED CONTENTS NOTE | |
| Formatted contents note | History of the right to property -- Applicability of the right to property -- Structure of Article 1 of the First Protocol -- Property and the fair balance -- Compensation and expropriation -- Controls on the use of land -- Private law and the right to property -- Forfeiture and confiscation of property -- The purpose of Article 1 of the First Protocol |
| 520 ## - SUMMARY, ETC. | |
| Summary, etc. | Analyses human rights as defined in Convention for the Protection of Human Rights and Fundamental Freedoms Art 1 and explores the jurisprudence of the European Court of Human Rights Also follows developments in the UK following the enactment of the Human Rights Act 1998. Includes a table of cases. |
| 590 ## - LOCAL NOTE (RLIN) | |
| Local note | IKA061205 |
| 650 24 - SUBJECT ADDED ENTRY--TOPICAL TERM | |
| Topical term or geographic name entry element | CONVENTION FOR THE PROTECTION OF HUMAN RIGHTS AND FUNDAMENTAL FREEDOMS ART 1 |
| 650 24 - SUBJECT ADDED ENTRY--TOPICAL TERM | |
| Topical term or geographic name entry element | HUMAN RIGHTS ACT 1998 |
| 690 ## - LOCAL SUBJECT ADDED ENTRY--TOPICAL TERM (OCLC, RLIN) | |
| Topical term or geographic name as entry element | Residential property |
| 9 (RLIN) | 6266 |
| 942 ## - ADDED ENTRY ELEMENTS (KOHA) | |
| Suppress in OPAC | 0 |
| Withdrawn status | Lost status | Source of classification or shelving scheme | Damaged status | Not for loan | Home library | Current library | Shelving location | Date acquired | Cost, normal purchase price | Total Checkouts | Full call number | Barcode | Date last seen | Copy number | Cost, replacement price | Price effective from | Koha item type |
|---|---|---|---|---|---|---|---|---|---|---|---|---|---|---|---|---|---|
| Dewey Decimal Classification | London | London | Books | 05/12/2005 | 40.00 | 342.41085 ALL | 30071439 | 06/08/2019 | 1 | 40.00 | 06/08/2019 | Book |